Culture Générale - Série 1916 - Statistiques

Statistiques générales
  • Ce quiz a été pris 95 fois
  • Le résultat moyen est 4 sur 10
Statistiques - réponses
Question Réponse % Correct
Sur quelle île se trouve le site archéologique de Cnossos ou Knossos ? Crète
82%
Dans le langage familier, quel organe d'oiseau bat-on quand ça va mal ? aile
81%
Quel anglicisme désigne un film court, réalisé à partir d'un morceau de musique ou d'une chanson ? clip
73%
Un jour où rien ne réussit, on dit que c'est un jour ... sans
62%
Comment appelle-t-on une petite bouteille publicitaire en verre ou en céramique contenant entre 2 et 9 cl d'alcool ? mignonette
37%
Comment appelle-t-on le réservoir d'eau de grande contenance équipant les navires, que l'on remplit ou vide pour équilibrer le bâtiment ? ballast
33%
Comment appelle-t-on le fruit du hêtre ? faine
24%
Cette ville de Seine-Maritime a été un ancien port morutier. Fécamp
17%
Quel mot dont l'anagramme est "bercat" désigne un abri de bois sans mur typique des cultures amérindiennes ? voir photo carbet
15%
Ce mot désigne une partie du coran et une ville en Inde surate
4%
Aucun quiz correspondant
Distribution des résultats
% des personnes avec chaque résultat
Percentile par nombre de réponses
Votre historique - résultats
Vous n’avez pas pris ce quiz